Tout sur... Super Smash Bros. - Statistiques

Statistiques générales
  • Ce quiz a été pris 233 fois
  • Le résultat moyen est 10 sur 15
Statistiques - réponses
Quel(le) est... Réponse % Correct
Le nombre de jeux 6
99%
Le pays où il a été créé Japon
99%
L'entreprise qui l'a créé Nintendo
99%
Le nombre de personnages dans le premier jeu 12
92%
Le genre du jeu Combat
89%
La première console de salon sur laquelle la licence est apparue Nintendo 64
89%
La première console portable sur laquelle il est apparu Nintendo 3DS
84%
Les deux mains qui volent (citez-en une) Créa-Main | Dé-Mainiaque
81%
Le nombre de personnages dans le dernier jeu 89
75%
Son créateur Masahiro Sakurai
66%
Le principal antagoniste de celui-ci Tabbou
44%
Nom du "mode histoire" de Brawl L'Émissaire Subspatial
37%
Les deux antagonistes principaux de celui-ci (citez-en un) Kilaire | Sumbra
33%
Rhino robot boss dans Brawl et Ultimate Galéon
17%
Nom du mode histoire de Ultimate La Lueur du Monde
14%
Aucun quiz correspondant
Distribution des résultats
% des personnes avec chaque résultat
Percentile par nombre de réponses
Votre historique - résultats
Vous n’avez pas pris ce quiz